000 00765nam a22002297a 4500
008 240706b mp ||||| |||| 00| 0 mon d
020 _a99929-0-475-5
035 _a2653
040 _aBH0164090
_bmon
_cMN-UlNLM
_dMN-UlNLM
_erda
041 _amon
042 _a52591
084 _2NNA
_a26.693.35
_bК.921
100 _aКуппэр Х.
245 0 _aДууч шувууд
264 _aУлаанбаатар
_bАДМОН
_c2008
300 _a16х.
336 _2rdacontent
_atext
_btxt
337 _2rdamedia
_aunmediated
_bn
338 _2rdacarrier
_avolume
_bnc
650 _aЭлдэв сонин эгдүүтэй хөөрхөн шувуудын тухай Бялзуухайн тухай Гарчиг: Дууч шувууд ...
942 _2NNA
_cBK
999 _c1102183
_d1102240